000 00445nam a22001817a 4500
003 CEME
005 20210628210511.0
008 210208b xxu||||| |||| 00| 0 eng d
020 _a0-412-16500-7
040 _c.
082 _a660.297 PLE
100 _aPletcher, Derek
_910698
245 _aIndustrial electrochemistry
260 _aLONDON
_bCHAPMAN & HALL
_c1982
300 _a316P
650 _aELECTROCHEMISTRY
_910797
942 _cBK
_2ddc
999 _c584664
_d584664